00634nam a2200145 a 450000100100000000500170001000800410002704000250006824501300009326000550022330000200027804900090029895201640030799900170047100003105820200930062658.0110613s1922 dr 000 0 spa d aDO-SdBNPbspacBNPHU00aResolución de la Casa de España en Santo Domingo y estatutos fundamentales del Comité de Festejos del día de la raza. aSanto Domingo :bImp. La Cuna de América,c1922. a17 p. ;c23 cm. aBNPD 001050718RVaPDbPDcHDd2011-06-13iLF1l0o p31058-10r2020-06-25w2020-06-25y1zPerteneció a la biblioteca personal de Martínez Boog.ZNo se presta c30550d30550